Tekst piosenki ''Pszczółka Maja'' - Statystyki

Ogólne statystyki
  • Ten quiz został rozwiązany 366 razy
  • Średni wynik to 9 z 13
Statystyki odpowiedzi
Tekst: Brakujące Słowa: % Poprawnych
Wszyscy Maję znają i .... Kochają
96%
Maleńka ... mieszka w nim Pszczółka
96%
... jest, lecz nie wiadomo gdzie Gdzieś
80%
Maju cóż zobaczymy ...? Dziś
77%
Maja ... tu i tam Fruwa
73%
..., (...) baju, (baju) Maju
73%
Tę pszczółkę, którą tu widzicie, ... Mają, Zowią
73%
Śmiała, sprytna, ... Maja Rezolutna
71%
Dziś spotka Was ..., zwinna pszczółka Maja, Maleńka
67%
Świat swój ... nam. Pokazując
65%
Świat, w którym ... ta dzieje się, Baśń
60%
Co wieść chce wśród ... prym. Owadów
52%
Mała ... Maja Przyjaciółka
42%
Nie znaleziono quizów pasujących do podanych kryteriów
Rozkład punktacji
Procent ludzi z każdym wynikiem
Percentyl według liczby udzielonych odpowiedzi
Twoja historia wyników
Nie rozwiązałeś tego quizu